Tales of mistery and imagination

Guardado en:
書目詳細資料
主要作者: Poe, Edgar Allan
格式: 圖書
語言:Undetermined
出版: Londres, Inglaterra Nelson and Sons [s.f.]
主題:
標簽: 添加標簽
沒有標簽, 成為第一個標記此記錄!

MARC

LEADER 00000nam a2200000Ia 4500
008 170316s9999 xx 000 0 und d
040 |a cru BVZT 
090 |a 810 P-15t 
100 |a Poe, Edgar Allan 
245 |a Tales of mistery and imagination 
260 |a Londres, Inglaterra 
260 |b Nelson and Sons 
260 |c [s.f.] 
300 |a 374 páginas 
650 |a LITERATURA ESTADOUNIDENSE 
999 |c 6044  |d 6044 
942 |c 15 D  |h 810 P-15t  |2 z